রবীন্দ্রবিতান / (Record no. 165)
[ view plain ]
| 000 -LEADER | |
|---|---|
| fixed length control field | 00937nam a22002297a 4500 |
| 001 - CONTROL NUMBER | |
| control field | 165 |
| 003 - CONTROL NUMBER IDENTIFIER | |
| rucl marc code | BD-RjUL |
| 005 - DATE AND TIME OF LATEST TRANSACTION | |
| control field | 20211208233126.0 |
| 008 - FIXED-LENGTH DATA ELEMENTS--GENERAL INFORMATION | |
| fixed length control field | 160720s1961 ii ||| |||| 000 1 ben d |
| 020 ## - INTERNATIONAL STANDARD BOOK NUMBER | |
| Terms of availability | : Tk. 5.00 |
| 035 ## - SYSTEM CONTROL NUMBER | |
| System control number | (BD-RjUL) 178 |
| 040 ## - CATALOGING SOURCE | |
| Original cataloging agency | BD-RjUL |
| Language of cataloging | ben |
| Transcribing agency | BD-RjUL |
| 041 ## - LANGUAGE CODE | |
| Language code of text/sound track or separate title | ben |
| 082 04 - DEWEY DECIMAL CLASSIFICATION NUMBER | |
| Edition number | 23 |
| Classification number | 891.4408 |
| Author mark and year | MUR 1961 |
| 100 1# - MAIN ENTRY--PERSONAL NAME | |
| Personal name | মুখোপাধ্যায়, অরুণকুমার |
| 9 (RLIN) | 525 |
| 245 10 - TITLE STATEMENT | |
| Title | রবীন্দ্রবিতান / |
| Statement of responsibility, etc. | অরুণকুমার মুখোপাধ্যায় |
| 260 ## - PUBLICATION, DISTRIBUTION, ETC. (IMPRINT) | |
| Place of publication, distribution, etc. | কলিকাতা : |
| Name of publisher, distributor, etc. | এ. মুখার্জী অ্যান্ড কোম্পানী প্রাঃ লিঃ, |
| Date of publication, distribution, etc. | ১৯৬১ (১৩৬৮) |
| 300 ## - PHYSICAL DESCRIPTION | |
| Pagination | ২৩২ পৃ . ; |
| Size | ১৮ সে্মি. |
| 650 ## - SUBJECT ADDED ENTRY--TOPICAL TERM | |
| Topical term or geographic name as entry element | বাংলা সাহিত্য |
| General subdivision | সংগ্রহ |
| 9 (RLIN) | 122902 |
| Topical term or geographic name as entry element | Bengali Literature |
| General subdivision | Collected works |
| 9 (RLIN) | 118004 |
| 942 ## - ADDED ENTRY ELEMENTS (KOHA) | |
| Source of classification or shelving scheme | Dewey Decimal Classification |
| Koha item type | Books |
| Lost status | Source of classification or shelving scheme | Damaged status | Not for loan | Collection code | Permanent Location | Current Location | Shelving location | Date acquired | Source of acquisition | Cost, normal purchase price | Total Checkouts | Full call number | Date last seen | Copy number | Koha item type |
|---|---|---|---|---|---|---|---|---|---|---|---|---|---|---|---|
| Dewey Decimal Classification | Non-fiction | Central Library, University of Rajshahi | Central Library, University of Rajshahi | 02/11/1974 | Jonathan Oyaren and Co. | 5.00 | B 891.4408 MUR 1961 | 09/11/2013 | C-2 | Books |